Spot the US Presidents II Quiz Stats

 Plays Quiz Updated Oct 29, 2019

Score 0/8 Timer 01:30
4 Plays Today
% Correct
John F. Kennedy
1961-1963
98.6%
Richard Nixon
1969-1974
96.5%
Lyndon B. Johnson
1963-1969
95%
Franklin D. Roosevelt
1933-1945
94.8%
Dwight D. Eisenhower
1953-1961
90.2%
Harry S. Truman
1945-1953
89.8%
Calvin Coolidge
1923-1929
78.4%
Herbert Hoover
1929-1933
76.8%

You're not logged in!

Compare scores with friends on all Sporcle quizzes.
OR
Log In

Sporcle TV

Today on Sporcle TV


Watch our educational content, quiz creation guides, and fun videos on Sporcle TV.

Show Comments

Extras

Top Quizzes Today


Score Distribution

Your Account Isn't Verified!

In order to create a playlist on Sporcle, you need to verify the email address you used during registration. Go to your Sporcle Settings to finish the process.

Report this User

Report this user for behavior that violates our Community Guidelines.

Details: